| RUSMARC |
| 000 | | | 03817nmc2a2200000 x 450 | | 001 | | | b5d44414-bc77-4540-90ce-2d33db07566f | | 005 | | | 20160105075141.0 | | 100 | ## | $a | 20150225l18821882k l0rusy0189 ca | | 101 | 0# | $a | rus | | 102 | ## | $a | RU | | 200 | 1# | $a | Ведомости о количестве душевых наделов крестьян-собственников и нынешних окладов выкупных платежей и о сумме, следующей с них к понижению по 1 рублю с надела или по 16 копеек с каждого рубля последнего оклада выкупного платежа Смоленской губернии по казначействам: Бельскому, Вяземскому, Гжатскому, Дорогобужскому, Духовщинскому, Ельнинскому, Краснинскому, Поречскому, Рославльскому, Смоленскому, Сычевскому, Юхновскому (Приложение к делу № 74/5, 1882 год) | | | $j | [1882] г. | | 251 | ## | $c | Дело | | 300 | ## | $a | Дело | | 801 | #0 | $a | RU | | | $b | РГИА | | | $c | 20150225 | | | $g | RCR | | 801 | #1 | $a | RU | | | $b | ГлавНИВЦ | | | $c | 20150225 | | | $2 | rusmarc | | 801 | #2 | $a | RU | | | $b | ПБ им. Б.Н. Ельцина | | | $c | 20160105 | | | $g | RCR | | | $2 | rusmarc | | 850 | ## | $a | РГИА | | 852 | ## | $a | РГИА | | | $e | Федеральное казенное учреждение "Российский государственный исторический архив" (РГИА) | | | $j | 874 | | 937 | ## | $h | РГИА | | | $d | 11190628 | | | $a | ASBIBLIO_SCAN | | 462 | #0 | $1 | 0013826a62a-52d3-408e-b545-2019664385f0 | | | $1 | 2001 | | | $a | 1861-1895 гг. | | | $1 | 251 | | | $c | Опись | | | $1 | 852 | | | $j | 50 | | 461 | #0 | $1 | 0018ef30ad5-ff5c-4840-a721-74c62a200f95 | | | $1 | 2001 | | | $a | Главное выкупное учреждение Министерства финансов | | | $1 | 251 | | | $c | Фонд | | | $1 | 852 | | | $j | 577 | | 215 | ## | $a | 1195 л. | | | $d | 36,5x26 см | | 371 | ## | $a | Документ не является опубликованным и широко распространяемым | | 105 | ## | $a | у### | | 122 | 2# | $a | d | | 035 | ## | $a | b5d44414-bc77-4540-90ce-2d33db07566f |
|